000 00297nam a22001217a 4500
008 170502b xxu||||| |||| 00| 0 eng d
041 _aeng
080 _24 ED
_a342
100 _a13
101 _aSHJ
245 _aPROFESSIONAL RESPONSIBILITY PROBLEMS OF PRACTICE
_cKLUWER.W
942 _2udc
_cBK
999 _c12335
_d12335